Đang tải...

Repbulic of hunger and other essays

Chi tiết về thư mục
Tác giả chính: Utsa Patnaik
Định dạng: Printed Book
Được phát hành: Three essays collective, Gurgaon 2011
Những chủ đề:
LEADER 00461nam a2200157 4500
082 |a 330.9 UTS 
100 |a Utsa Patnaik 
245 |a Repbulic of hunger and other essays  |c Utsa Patnaik 
250
260 |a Three essays collective, Gurgaon  |c 2011 
300 |a 243 P 
490
650 |a Economic conitions 
942 |c BK 
999 |c 191196  |d 191196 
952 |0 0  |1 0  |4 0  |6 330_900000000000000_UTS  |7 0  |9 204545  |a ISL  |b ISL  |l 0  |o 330.9 UTS  |p ISL06219  |r 2019-10-28  |w 2019-10-28  |y BK